The science and engineering of materials /

Guardado en:
Autor Principal: Askeland, Donald R.
Formato: Libro
Idioma:English
Publicado: Boston : PWS Pub., c1994.
Edición:3rd ed.
Series:The PWS series in engineering
Materias:
Etiquetas: Agregar Etiqueta
Sin Etiquetas, Sea el primero en etiquetar este registro!
LEADER 00877pam a22002655a 4500
001 EIQ.libpla003779
008 930913s1994####maua##########001#0#eng#d
005 20080314181920.0
245 1 4 |a The science and engineering of materials /  |c Donald R. Askeland. 
250 |a 3rd ed. 
260 |a Boston :  |b PWS Pub.,  |c c1994. 
300 |a xx, 812 p. :  |b il. (algunas col.) ;  |c 24 cm. 
440 4 |a The PWS series in engineering 
500 |a Incluye índice. 
500 |a La biblioteca posee versión en español. 
020 |a 0534934234 
100 1 |a Askeland, Donald R. 
082 0 0 |a 620.1/1  |2 20 
650 4 |a Polímeros  |x Materiales. 
650 4 |a Ciencia e ingeniería  |x Materiales. 
650 4 |a Science and engineering  |x Materials. 
650 4 |a Polymers  |x Materials. 
010 |a  93021416  
040 |a DLC  |c DLC  |d AR-BbSID 
859 |a AR-BbSID  |b BIB. PLAPIQUI  |h 620.14  |i As 47  |p 4820